Score 0/46 Timer 05:00
1 Play Today
Title Missing Word % Correct
_____ Free or Die Hard (2007)Live
91.8%
_____ Night, and Good Luck. (2005)Good
90.8%
No _____ for Old Men (2007)Country
90.6%
Guess Who's _____ to Dinner (1967)Coming
87.4%
Save the Last _____ (2001)Dance
83.7%
I _____ Huckabees (2004)Heart
81.8%
Jesus Christ _____ (1973)Superstar
80%
Dead _____ Society (1989)Poets
79.7%
Do the _____ Thing (1989)Right
78.8%
The Pursuit of _____ (2006)Happyness
78.7%
Zack and Miri Make a _____ (2008)Porno
75.7%
A Streetcar _____ Desire (1951)Named
75.5%
All Quiet on the _____ Front (1930)Western
75.3%
Memoirs of a _____ (2005)Geisha
74.7%
The Boy in the Striped _____ (2008)Pajamas
71.8%
In the Heat of the _____ (1967)Night
68.6%
Children of the _____ (1984)Corn
66.6%
Fast Times at _____ High (1982)Ridgemont
65.3%
Bill and Ted's _____ Adventure (1989)Excellent
63.4%
An Officer and a _____ (1982)Gentleman
62.9%
Being John _____ (1999)Malkovich
61.3%
_____ Up the Volume (1990)Pump
60.6%
Girl with a _____ Earring (2003)Pearl
59.7%
Title Missing Word % Correct
The Last King of _____ (2006)Scotland
58%
The _____ House Rules (1999)Cider
55.2%
Team America: _____ Police (2004)World
50.9%
A _____ of Dollars (1964)Fistful
48.4%
Assault on _____ 13 (1976)Precinct
46.3%
My _____ Clementine (1946)Darling
46%
Vicky Cristina _____ (2008)Barcelona
45.2%
The Best _____ of our Lives (1946)Years
43.1%
Glengarry _____ Ross (1992)Glen
35.2%
House of Sand and _____ (2003)Fog
28%
Kiss of the _____ Woman (1985)Spider
27.8%
The _____ Fried Movie (1977)Kentucky
26.2%
Henry: _____ of a Serial Killer (1988)Portrait
24.4%
Raise the _____ Lantern (1991)Red
23.5%
The Year of Living _____ (1982)Dangerously
21.5%
Five Easy _____ (1970)Pieces
21.2%
They Shoot _____, Don't They? (1969)Horses
19.9%
Hedwig and the Angry _____ (2001)Inch
18.6%
Bad Day at _____ Rock (1955)Black
17.4%
Aguirre, the _____ of God (1972)Wrath
14.7%
The _____ Ambersons (1942)Magnificent
9%
Once Were _____ (1994)Warriors
5.7%
The _____ and the Pity (1969)Sorrow
4.1%
Remove Ads.
Support Sporcle.
Get the best of Sporcle when you Go Orange. This ad-free experience offers more features, more stats, and more fun while also helping to support Sporcle. Thank you for becoming a member.

You're not logged in!

Compare scores with friends on all Sporcle quizzes.
OR
Log In

Show Comments

Extras

Top Quizzes Today


Score Distribution

Your Account Isn't Verified!

In order to create a playlist on Sporcle, you need to verify the email address you used during registration. Go to your Sporcle Settings to finish the process.

Report this User

Report this user for behavior that violates our Community Guidelines.

Details: